Normal view
MARC view
Entry Personal Name
001 - CONTROL NUMBER
- control field: 52933
003 - CONTROL NUMBER IDENTIFIER
- control field: OSt
005 - DATE AND TIME OF LATEST TRANSACTION
- control field: 20250508164620.0
008 - FIXED-LENGTH DATA ELEMENTS
- fixed length control field: 250508|| aca||aabn | a|a d
040 ## - CATALOGING SOURCE
- Original cataloging agency: OSt
- Transcribing agency: OSt
100 ## - HEADING--PERSONAL NAME
- Personal name: Thomas Malsom, and Panda, B.
670 ## - SOURCE DATA FOUND
- Source citation: Work cat.: (OSt): Thomas Malsom, and Panda, B. , Sociocultural integration of smaller tribal communities in a multi-ethnic society: The case of Hrangkhawls in Tripura
